Statistics for Roman Numerals to 200 In 2 Minutes

Click here to take the quiz!

General Stats

  • This quiz has been taken 266 times
  • The average score is 83 of 200

Answer Stats

Answer% Correct
I
100%
II
100%
III
100%
IV
100%
V
100%
VI
100%
VII
100%
VIII
100%
IX
98%
X
98%
XI
98%
XII
98%
XIII
98%
XIV
95%
XV
95%
XVI
95%
XVII
95%
XVIII
94%
XIX
92%
XX
92%
XXI
92%
XXII
92%
XXIII
92%
XXIV
92%
XXIX
92%
XXV
92%
XXVI
92%
XXVII
92%
XXVIII
92%
XXX
90%
XXXI
90%
XXXII
90%
XXXIII
90%
XXXIV
90%
XXXV
90%
XXXVI
90%
XXXVII
90%
XXXVIII
90%
XXXIX
87%
XL
83%
XLI
81%
XLII
81%
XLIII
81%
XLIV
79%
XLV
79%
XLVI
79%
XLVII
79%
XLVIII
79%
XLIX
70%
L
65%
LI
63%
LII
63%
LIII
63%
LIV
60%
LV
60%
LVI
60%
LVII
60%
LVIII
59%
LIX
57%
LX
57%
LXI
57%
LXII
57%
LXIII
57%
LXIV
56%
LXV
56%
LXVI
54%
LXVII
54%
LXVIII
54%
LXIX
52%
LXX
52%
LXXI
52%
LXXII
52%
LXXIII
51%
LXXIV
49%
LXXV
46%
LXXVI
46%
LXXVII
46%
LXXVIII
46%
LXXIX
41%
LXXX
41%
LXXXI
41%
LXXXII
37%
LXXXIII
33%
LXXXIV
30%
LXXXV
30%
LXXXVI
30%
LXXXVII
30%
LXXXVIII
30%
LXXXIX
29%
XC
29%
XCI
29%
XCII
29%
XCIII
29%
XCIV
29%
XCV
29%
C
27%
CI
27%
CII
27%
CIII
27%
CIV
27%
CV
27%
CVI
27%
CVII
27%
CVIII
27%
XCIX
27%
XCVI
27%
XCVII
27%
XCVIII
27%
CIX
24%
CX
24%
CXI
24%
CXII
24%
CXIII
24%
CXIV
24%
CXV
24%
CXVI
24%
CXVII
24%
CXIX
22%
CXVIII
22%
CXX
22%
CXXI
22%
CXXII
22%
CXXIII
22%
CXXIV
21%
CXXV
21%
CXXIX
19%
CXXVI
19%
CXXVII
19%
CXXVIII
19%
CXXX
19%
CXXXI
19%
CXXXII
19%
CXXXIII
19%
CXXXIV
19%
CL
17%
CLI
17%
CLII
17%
CLIII
17%
CLIV
17%
CLIX
17%
CLV
17%
CLVI
17%
CLVII
17%
CLVIII
17%
CLX
17%
CLXI
17%
CLXII
17%
CLXIII
17%
CLXIV
17%
CLXV
17%
CLXVI
17%
CLXVII
17%
CLXVIII
17%
CXL
17%
CXLI
17%
CXLII
17%
CXLIII
17%
CXLIV
17%
CXLIX
17%
CXLV
17%
CXLVI
17%
CXLVII
17%
CXLVIII
17%
CXXXIX
17%
CXXXV
17%
CXXXVI
17%
CXXXVII
17%
CXXXVIII
17%
CLXIX
16%
CLXX
16%
CLXXI
14%
CLXXII
14%
CLXXIII
14%
CLXXIV
13%
CLXXV
13%
CLXXVI
10%
CLXXIX
8%
CLXXVII
8%
CLXXVIII
8%
CLXXX
8%
CLXXXI
6%
CLXXXII
5%
CLXXXIII
5%
CLXXXIV
5%
CLXXXV
3%
CLXXXVI
3%
CC
0%
CLXXXIX
0%
CLXXXVII
0%
CLXXXVIII
0%
CXC
0%
CXCI
0%
CXCII
0%
CXCIII
0%
CXCIV
0%
CXCIX
0%
CXCV
0%
CXCVI
0%
CXCVII
0%
CXCVIII
0%

Score Distribution

Percentile by Number Answered

Percent of People with Each Score

Your Score History

You have not taken this quiz